| 000 | 00707nam a2200253Ia 4500 | ||
|---|---|---|---|
| 003 | OSt | ||
| 005 | 20220918230650.0 | ||
| 006 | a|||||r|||| 00| 0 | ||
| 007 | ta | ||
| 008 | 220917b |||||||| |||| 00| 0 eng d | ||
| 024 | _a256,908 | ||
| 037 | _cTextual | ||
| 040 |
_aARTS _cARTS _beng |
||
| 041 |
_2eng _aeng |
||
| 082 | _aV657.9G.A, L3 | ||
| 100 |
_aDunn John _918332 |
||
| 245 | 0 |
_aDependence and opportunity _b political change in ahafo |
|
| 260 |
_aCambridge _bCambridge University Press _c1973 |
||
| 300 |
_a387p. _ccm. |
||
| 650 | _aHISTORY | ||
| 700 |
_a Robertson A F _918083 |
||
| 942 |
_hV657.9G.A, L3 _cTEXL _2CC |
||
| 999 |
_c288606 _d288606 |
||